| 000 | 01281cab a22002294i 4500 | ||
|---|---|---|---|
| 001 | 768714001 | ||
| 003 | CO-MdFUSB | ||
| 005 | 20230112113409.0 | ||
| 008 | 161109s2000 gt ||||| |||| 00| 0 spa d | ||
| 022 | _a1014-9341 | ||
| 040 |
_aCO-MdFUSB _bspa _cCO-MdFUSB _dCO-MdFUSB |
||
| 041 | _aspa | ||
| 100 | 1 |
_aOrme, John H. _eautor |
|
| 245 | 1 | 0 |
_aArrepentimiento identificacional y guerra espiritual estratégica : _bun estudio hermenéutico _c/ Dr. John H. Orme |
| 300 |
_aNúmero 26 (Enero - Junio, 2000), páginas 7-22 _c; 22 cm |
||
| 520 | _aEn el debate teológico es necesario tomar las Escrituras como la autoridad final, basar la interpretación en el sentido llano del texto, evitar el error de apelar a un canon dentro del canon y emplear procedimientos exegéticos reconocidos. En su libro Confronting the power, Peter Wagner repetidas veces viola estos principios hermenéuticos al exponer y defender temas de la guerra espiritual como el arrepentimiento identificacional, venciendo el hombre fuerte, atando y desatando, y arrebatando el reino por violencia. | ||
| 650 | 7 |
_9418 _aHermenéutica |
|
| 653 | _aArrepentimiento | ||
| 653 | _aGuerra espiritual | ||
| 773 | 0 |
_tKairós _049489 _961197 _gNúmero 26 (Enero - Junio, 2000), páginas 7-22 _qPágina 7 |
|
| 942 | _cANA | ||
| 999 |
_c51231 _d51231 |
||